| 000 | 00454nam a2200169Ia 4500 | ||
|---|---|---|---|
| 003 | GCL | ||
| 008 | 140319s9999 xx 000 0 ara d | ||
| 040 |
_aGCL / _cGCL |
||
| 082 | 0 | 4 |
_a792.8 _bب ر |
| 100 | 1 | _aاحمد رضا محمد رضا | |
| 245 | 1 | 0 |
_aروائع البالية واعلامه / _cاحمد رضا محمد رضا |
| 700 | 1 | _aبومون، سيريل | |
| 300 | _a401 | ||
| 490 | _a | ||
| 650 | 0 | 4 | _aالبالية |
| 942 |
_2ddc _cBK |
||
| 999 |
_c39914 _d39914 |
||